Statistics for Tsars of Russia

Click here to take the quiz!

General Stats

  • This quiz has been taken 1,428 times
  • The average score is 13 of 25

Answer Stats

Reign Tsar % Correct
1825-1855Nicholas I
93%
1894-1917Nicholas II
92%
1801-1825Alexander I
87%
1855-1881Alexander II
87%
1682-1725Peter I
87%
1727-1730Peter II
85%
1725-1727Catherine I
83%
1762-1762Peter III
80%
1881-1894Alexander III
79%
1762-1796Catherine II
75%
1547-1584Ivan IV
61%
1682-1696Ivan V
55%
1740-1741Ivan VI
51%
1796-1801Paul I
45%
1741-1762Elizabeth
38%
1613-1645Michael I
34%
1730-1740Anna
29%
1584-1598Feodor I
28%
1605-1605Feodor II
26%
1676-1682Feodor III
24%
1645-1676Alexis
19%
1598-1605Boris Godunov
16%
1606-1610Vasili IV
5%
1605-1606Dmitriy I
4%
1610-1613Vladislaw IV
1%

Score Distribution

Percentile by Number Answered

Percent of People with Each Score

Your Score History

You have not taken this quiz